Rasool-a-akram key siasat-a-kharja (Record no. 580155)
[ view plain ]
| 000 -LEADER | |
|---|---|
| fixed length control field | 00467nam a22001697a 4500 |
| 003 - CONTROL NUMBER IDENTIFIER | |
| control field | CEME |
| 005 - DATE AND TIME OF LATEST TRANSACTION | |
| control field | 20210628205248.0 |
| 008 - FIXED-LENGTH DATA ELEMENTS--GENERAL INFORMATION | |
| fixed length control field | 210224b xxu||||| |||| 00| 0 eng d |
| 040 ## - CATALOGING SOURCE | |
| Transcribing agency | . |
| 082 ## - DEWEY DECIMAL CLASSIFICATION NUMBER | |
| Classification number | 297.63 QUR'R |
| 100 ## - MAIN ENTRY--PERSONAL NAME | |
| Personal name | Qurashi, Muhammad Siddiq |
| 9 (RLIN) | 74643 |
| 245 ## - TITLE STATEMENT | |
| Title | Rasool-a-akram key siasat-a-kharja |
| 260 ## - PUBLICATION, DISTRIBUTION, ETC. | |
| Place of publication, distribution, etc. | LAHORE |
| Name of publisher, distributor, etc. | GHULAM ALI & SONS |
| Date of publication, distribution, etc. | 1987 |
| 300 ## - PHYSICAL DESCRIPTION | |
| Extent | 452P |
| 650 ## - SUBJECT ADDED ENTRY--TOPICAL TERM | |
| Topical term or geographic name entry element | ISLAM-BIOGRAPHY-PROPHET MUHAMMAD PEACE BE UPON HIM |
| 9 (RLIN) | 876 |
| 942 ## - ADDED ENTRY ELEMENTS (KOHA) | |
| Koha item type | Book |
| Source of classification or shelving scheme | |
| Withdrawn status | Lost status | Damaged status | Not for loan | Permanent Location | Current Location | Shelving location | Date acquired | Total Checkouts | Full call number | Barcode | Date last seen | Price effective from | Koha item type |
|---|---|---|---|---|---|---|---|---|---|---|---|---|---|
| College of Electrical & Mechanical Engineering (CEME) | College of Electrical & Mechanical Engineering (CEME) | General Stacks | 05/09/2017 | 297.63 QUR'R | CEME-31308 | 06/28/2021 | 06/28/2021 | Book |
